|
|
|
|
| LEADER |
00000nam0a2200000 4500 |
| 001 |
197586 |
| 005 |
20231031183515.0 |
| 010 |
|
|
|a 5713303748
|
| 020 |
|
|
|a RU
|b 91-3019
|
| 035 |
|
|
|a (RuTPU)RU\TPU\book\215538
|
| 090 |
|
|
|a 197586
|
| 100 |
|
|
|a 20110615d1990 m a0rusy5003 ca
|
| 101 |
1 |
|
|a rus
|c ger
|
| 102 |
|
|
|a RU
|
| 105 |
|
|
|a a z 000zy
|
| 200 |
1 |
|
|a Дороги в Россию
|e сквозь бури времени
|e пер. с нем.
|f Ф. В. Кристианс
|
| 210 |
|
|
|a Москва
|c Международные отношения
|d 1990
|
| 215 |
|
|
|a 277 с., [8] л. ил.
|d 21 см
|
| 610 |
1 |
|
|a советско-германские связи
|
| 610 |
1 |
|
|a германо- советские связи
|
| 610 |
1 |
|
|a экономические связи
|
| 610 |
0 |
|
|a ФРГ
|
| 686 |
|
|
|a У580.5
|2 rubbk
|
| 700 |
|
1 |
|a Кристианс
|b Ф. В.
|g Фридрих Вильгельм
|4 070
|
| 702 |
|
1 |
|a Кагенек фон
|b А.
|4 080
|
| 702 |
|
1 |
|a Шмидт
|b Г.
|4 080
|
| 801 |
|
0 |
|a RU
|b RuMRKP
|c 19950417
|g psbo
|
| 801 |
|
1 |
|a RU
|b 63413507
|c 20110615
|
| 801 |
|
2 |
|a RU
|b 63413507
|c 20110815
|g RCR
|
| 942 |
|
|
|c BK
|